000 nam a22 7a 4500
999 _c8333
_d8333
008 171230b xxu||||| |||| 00| 0 eng d
100 _aBailey Thomas
_94747
245 _aProbing America`s Past
_bAcritical examination of Major Myths and Misconceptions
260 _aAmerica